Statystyki dla Największe aglomeracje w Kolumbii

Kliknij tutaj aby rozwiązać quiz!

Ogólne statystyki

  • Ten quiz został rozwiązany 31 razy
  • Średni wynik to 6 z 20

Statystyki odpowiedzi

MiejsceMieszkańcyNazwa% Poprawnych
1.10 700 000Aglomeracja Bogociańska
97%
2.3 723 455Aglomeracja Doliny Aburra
70%
4.3 262 157Aglomeracja Cali
67%
3.2 326 292Aglomeracja Barranquilla
53%
6.1 382 331Aglomeracja Kartageńska
40%
5.1 873 279Aglomeracja Bucaramanga
33%
9.716 400Aglomeracja Santa Marta
33%
7.932 745Aglomeracja Cúcuta
23%
13.586 905Aglomeracja Manizales
23%
16.488 927Aglomeracja Neiva
23%
8.781 456Aglomeracja Centralno-Zachodnia
20%
11.605 496Aglomeracja Ibagué
20%
10.700 000Aglomeracja Montería
20%
17.447 820Aglomeracja Popayán
20%
20.316 515Aglomeracja Tunja
20%
15.504 722Aglomeracja Armenia
13%
19.342 252Aglomeracja Górnej Chicamocha
13%
18.393 284Aglomeracja Sincelejo
13%
12.604 679Aglomeracja Villavicencio
10%
14.582 426Aglomeracja Valledupar
7%

Rozkład punktacji

Percentyl według liczby udzielonych odpowiedzi

Procent ludzi z każdym wynikiem

Twoja historia wyników

Nie rozwiązałeś tego quizu